00514nam a2200169Ia 4500100001600000650002200016942000700038366000700045654002200052245003900074260001900113082001700132300000800149546001700157999001700174952015300191 aBose/Bimal  aPower electronics cBK f20 apower electronics aPower electronics and motor drives bElsevierc2006 a621.317bBOS a917 aENGLISHcTTL c24322d24322 001040708CRCaCRCEbCRCEd2023-03-17eBook Service Syndicateg500.00i59 dt 11.06.2014l0o621.317 BOSp23171r2023-03-17v625.00w0000-00-00yBK